[Event "WchT 2nd"]
[Site "Luzern"]
[Date "1989.??.??"]
[Round "3.1"]
[White "Kortschnoj, Viktor Lvovich"]
[Black "Short, Nigel D"]
[Result "0-1"]
[WhiteElo "2655"]
[BlackElo "2660"]
[Annotator "Ftacnik,L"]
[PlyCount "56"]
[EventDate "1989.10.27"]
[EventType "team-tourn"]
[EventRounds "9"]
[EventCountry "SUI"]
[SourceTitle "CBM 016"]
[Source "ChessBase"]
[SourceDate "1990.06.01"]
[SourceVersion "1"]
[SourceVersionDate "1990.06.01"]
[SourceQuality "1"]
[WhiteTeam "Switzerland"]
[BlackTeam "England"]
[WhiteTeamCountry "SUI"]
[BlackTeamCountry "ENG"]

1. c4 e6 2. g3 d5 3. Bg2 Nf6 4. Nf3 Be7 5. d4 O-O 6. Qc2 c5 7. dxc5 Qa5+ 8. Nc3
dxc4 {N} (8... Nc6 9. cxd5 exd5 10. Qa4 Qxc5 11. Be3 Qb4 12. Qxb4 Bxb4 13. Rc1
Ne4 14. O-O Bxc3 15. bxc3 Be6 $10 {Korchnoi,V-Andersson,U/Tilburg/1987/ -> CBM
04}) 9. Nd2 (9. O-O Nc6 10. Bg5 Qxc5 11. Bxf6 Bxf6 12. Ne4 Qe7 13. Rfd1 b5 14.
a4 Rb8 $14 {Romanishin,O-Schneider,A/URS-sf Kherson/1989/1-0/35/ -> CBM 16})
9... Qxc5 10. Na4 Qa5 11. Qxc4 Bd7 $5 12. Nc3 Rc8 13. Nb3 Qh5 14. Qf4 Bc6 15.
O-O h6 16. e4 Nbd7 17. f3 (17. h3 $5 $10) 17... a5 18. g4 $6 Qe5 19. Qg3 Qxg3
20. hxg3 Ne5 $17 21. Rd1 b5 22. Nd4 Bc5 23. Kf1 (23. Nce2 $5) 23... Bxd4 24.
Rxd4 b4 25. Nd1 Bb5+ 26. Kg1 Rc2 27. Bf4 (27. Ne3 Re2) (27. Nf2 Rac8) 27... Nd3
28. Bf1 Ne1 $1 {Ftacnik} 0-1

[Event "World Cup"]
[Site "Reykjavik"]
[Date "1991.??.??"]
[Round "1"]
[White "Khalifman, Alexander"]
[Black "Chandler, Murray G"]
[Result "1/2-1/2"]
[WhiteElo "2630"]
[BlackElo "2605"]
[Annotator "Ftacnik,L"]
[PlyCount "91"]
[EventDate "1991.09.??"]
[EventType "tourn"]
[EventRounds "15"]
[EventCountry "ISL"]
[EventCategory "16"]
[SourceTitle "CBM 026"]
[Source "ChessBase"]
[SourceDate "1992.02.01"]
[SourceVersion "1"]
[SourceVersionDate "1992.02.01"]
[SourceQuality "1"]

1. d4 Nf6 2. c4 e6 3. g3 Bb4+ 4. Bd2 Be7 5. Bg2 d5 6. Nf3 O-O 7. O-O c6 8. Qc2
b6 9. Bf4 Bb7 10. Nbd2 Na6 {N} (10... Nh5) 11. Rfd1 Rc8 (11... c5 12. dxc5 bxc5
$13) 12. e4 c5 13. exd5 exd5 14. a3 $5 Bd6 (14... Re8 $5) 15. Be5 Re8 16. Qf5
cxd4 17. Bxd4 (17. Bxf6 Qxf6 18. Qxf6 gxf6 19. Nxd4 Be5 20. Nb5 Nc7 $1 $10)
17... dxc4 18. Rac1 (18. Ng5 Bxg2 19. Kxg2 (19. Bxf6 Qxf6 20. Qxh7+ Kf8 $17)
19... Qd7 $1) 18... Qd7 19. Qxd7 Nxd7 20. Nxc4 Bf8 21. b4 $1 Nab8 (21... Bd5
22. Ne3 $16) 22. Bb2 Rc7 23. Ne3 Rec8 24. Rxc7 Rxc7 25. Nd4 Bxg2 26. Kxg2 a6
27. Nd5 Rc4 28. Rc1 (28. Re1 f6 29. Nf5 $16) 28... Rxc1 29. Bxc1 f6 30. Bf4 $6
(30. f4 $1 a5 31. Kf3 $16) 30... a5 31. b5 $2 (31. Bd2 $1 $14) 31... Ne5 $1 (
31... Bxa3 32. Nc6 $1 $18) 32. a4 Nbd7 33. Ne6 Kf7 34. Nxf8 Kxf8 35. Be3 Nc4
36. Bd4 Kf7 37. Kf3 Ke6 38. Nf4+ Kd6 39. Ke4 Nc5+ 40. Bxc5+ Kxc5 41. Nd3+ $8
Kd6 42. h4 Nd2+ 43. Kd4 Nf3+ 44. Ke4 Nd2+ 45. Kd4 Nf3+ 46. Ke4 {Ftacnik,L}
1/2-1/2

[Event "Interzonal-15"]
[Site "Manila"]
[Date "1990.??.??"]
[Round "10"]
[White "Gulko, Boris F"]
[Black "Illescas Cordoba, Miguel"]
[Result "1-0"]
[WhiteElo "2600"]
[BlackElo "2535"]
[Annotator "Ftacnik,L"]
[PlyCount "79"]
[EventDate "1990.06.29"]
[EventType "swiss"]
[EventRounds "13"]
[EventCountry "PHI"]
[SourceTitle "CBM 019"]
[Source "ChessBase"]
[SourceDate "1990.12.01"]
[SourceVersion "1"]
[SourceVersionDate "1990.12.01"]
[SourceQuality "1"]

1. Nf3 c5 2. g3 d5 3. Bg2 Nf6 4. O-O e6 5. c4 Be7 6. d4 O-O 7. dxc5 Bxc5 8. a3
dxc4 (8... Nc6 9. b4) (8... a5) 9. Qc2 Nc6 (9... b5 $2 10. Ng5 $18) 10. Qxc4
Bb6 11. Nc3 Qe7 (11... e5 12. Bg5 Be6 13. Qh4) 12. Rd1 (12. Bg5 h6 13. Bxf6
Qxf6) 12... h6 (12... e5 13. Bg5 $22 h6 14. Nd5) 13. Na4 Rd8 14. Bf4 (14. Rxd8+
Bxd8 $5) 14... Rxd1+ 15. Rxd1 Nd5 (15... e5 16. Nxb6 axb6 17. Nxe5 $1 Nxe5 18.
Bxe5 Qxe5 19. Rd8+ Kh7 20. Rxc8 Rxc8 21. Qxc8 Qxe2 $14) 16. Nxb6 Nxb6 (16...
axb6 17. Bd2 $16) 17. Qc2 e5 $2 (17... Nd5 18. Bc1 $22 Bd7 19. e4 $16) 18. Nxe5
$1 Nxe5 19. Bxe5 Bg4 (19... Qxe5 20. Rd8+) 20. Qe4 f5 (20... Bxe2 21. Qxe2 f6
22. Bxb7 $18) 21. Qe3 Re8 22. f4 Kh7 23. Qd3 (23. h3 Nc4) 23... Qc5+ 24. Bd4
Qa5 25. Bc3 Qa4 (25... Qc5+ 26. Qd4 Qxd4+ 27. Rxd4 Rxe2 28. h3 Bh5 29. Bxb7 $18
) 26. Qd4 Re7 $1 27. Re1 Qc2 (27... Bxe2 $2 28. Qxa4 Nxa4 29. Bf1 $18) 28. Qd3
Qxd3 (28... Rxe2 29. Qxc2 Rxc2 30. h3 Bh5 31. Bxb7) 29. exd3 Rd7 30. Re5 Na4 (
30... Rxd3 31. Bxb7 Na4 32. Rd5 $18) 31. h3 Bd1 32. Rxf5 Nxc3 33. bxc3 Rxd3 34.
Be4 $1 Rxg3+ (34... Re3 35. Re5+ Kg8 36. Bd5+) 35. Kf2 g6 $8 36. Rd5 Rxh3 37.
Rxd1 Rxc3 38. Rd7+ Kg8 39. Bxg6 Rxa3 40. Rxb7 {Ftacnik,L} 1-0

[Event "Pamplona 9697 7th"]
[Site "Pamplona"]
[Date "1996.??.??"]
[Round "8"]
[White "Gulko, Boris F"]
[Black "Ponomariov, Ruslan"]
[Result "1-0"]
[WhiteElo "2615"]
[BlackElo "2550"]
[Annotator "Ftacnik,L"]
[PlyCount "83"]
[EventDate "1996.12.??"]
[EventType "tourn"]
[EventRounds "9"]
[EventCountry "ESP"]
[EventCategory "13"]
[SourceTitle "CBM 057"]
[Source "ChessBase"]
[SourceDate "1997.04.01"]
[SourceVersion "1"]
[SourceVersionDate "1997.04.01"]
[SourceQuality "1"]

1. c4 e6 2. Nf3 c5 3. g3 Nf6 4. Bg2 d5 5. O-O Nc6 6. d4 Be7 7. dxc5 Bxc5 8. a3
a6 (8... O-O 9. b4 Bb6 10. Bb2 Qe7 11. Nbd2 Rd8 (11... Bd7 12. Qb1 Rad8 13. e4
dxe4 14. Nxe4 e5 15. c5 Bc7 {1/2-1/2 Bilek,I-Hernandez,Rom/Szolnok (02)/1975/})
12. Qc2 h6 (12... Bd7 13. e4 dxc4 14. Nxc4 Rac8 15. Nxb6 axb6 16. Qe2 e5 17. b5
Na7 18. a4 Bg4 19. Qe3 Qb4 20. Bxe5 Nxe4 21. Nd4 f6 22. Qxe4 fxe5 23. Qxg4 Qxd4
24. Qe6+ Kh8 25. Bxb7 {1-0 Tratar,M-Koenig,D/Werfen op (06)/1992 (29)}) (12...
e5 13. cxd5 Nxd5 14. Rad1 Nd4 15. Nxd4 Bxd4 16. Nc4 Nb6 17. Nxe5 Bf5 18. Qxf5
Bxb2 19. Rxd8+ Rxd8 20. Nd3 Bxa3 21. Qa5 Nc4 22. Qxa7 Qxe2 23. Nf4 Qd2 24. Bd5
{1-0 Antunes,A-Lalic,S/Benasque op (09)/1996 (28)}) 13. Rad1 a6 (13... Bd7 $5)
14. e4 dxc4 (14... dxe4 15. Nxe4 Nxe4 16. Rxd8+ Bxd8 $1 17. Qxe4 Bd7 {/\ Be8+/-
}) 15. Nxc4 Rxd1 16. Rxd1 Ba7 17. Nfe5 Nxe5 18. Nxe5 Bb6 {/\ Bd7} 19. Bd4 Bxd4
20. Rxd4 Kf8 21. Qd2 Ke8 22. Bf3 {1-0 Romanishin,O-Lobron,E/Biel/1987 (38)}) (
8... dxc4 $5 9. Qa4 O-O 10. Qxc4 Bb6 11. Nc3 e5 12. Rd1 Be6 13. Qh4 Qe7 14. Ng5
Bf5 $1 $13) 9. b4 (9. Nc3 d4 10. Na4 Ba7 11. b4 O-O 12. Bb2 Bd7 13. b5 axb5 14.
cxb5 Qa5 15. bxc6 Bxc6 16. Bxd4 Bxd4 17. Nxd4 Bxg2 18. Kxg2 Qxa4 19. Qxa4 Rxa4
20. e3 Rd8 21. Rfb1 Rd7 {1/2-1/2 Gierse,HD-Barthel,A/NRW-I 8889/1989 (28)})
9... Ba7 10. Bb2 (10. Nc3 dxc4 11. Qxd8+ Kxd8 12. Nd2 Ne5 13. Bb2 Nfd7 14. Rfd1
Rb8 15. a4 f6 16. Nce4 Nc6 17. b5 Na5 18. Ba3 Bd4 19. Rab1 axb5 20. Nd6 Rg8 21.
Nf7+ Ke8 22. Nd6+ Kd8 23. Nf7+ Ke8 24. Nd6+ Kd8 {1/2-1/2 Li Manuel-Vera,R/
CUB-ch (09)/1995/}) 10... O-O 11. Nbd2 Qe7 12. Qc2 Rd8 13. e4 {This forces the
defender to choose a strategy of coping with white's center control. Das
zwingt den Verteidiger, eine Strategie zu suchen, mit der sich die weiße
Zentrumskontrolle neutralisieren läßt.} dxe4 $6 (13... dxc4 $1 14. e5 (14. Nxc4
b5 15. Nce5 Nxe5 16. Nxe5 Bb7) 14... Nd5 15. Nxc4 $14) 14. Nxe4 e5 15. Rad1 Bg4
(15... Bf5 16. Nxf6+ Qxf6 17. Qe2 Bg4 18. h3 Bxf3 19. Bxf3 Bd4 20. Bc1 $1 $14)
16. c5 $1 Nxe4 (16... Nd4 17. Bxd4 exd4 (17... Bxf3 18. Bxf3 Rxd4 19. Nxf6+
gxf6 20. Qf5 $1 $18) 18. Rxd4 $16) 17. Qxe4 f5 18. Qc4+ Kh8 (18... Qf7 19.
Qxf7+ Kxf7 20. Rxd8 Rxd8 21. Nxe5+ Nxe5 22. Bxe5 $16) 19. h3 Bh5 (19... Bxf3
20. Bxf3 $14) 20. g4 fxg4 (20... Bf7 21. Qc3 $16) 21. hxg4 Bg6 22. Qc3 Rxd1 (
22... Bb8 23. Rxd8+ Qxd8 24. Qe3 $16) 23. Rxd1 Bb8 24. Qd2 Bc7 (24... e4 25.
Nd4 Nxd4 26. Qxd4 Bf4 27. Qd7 $16) 25. Qg5 $1 (25. Qd7 $4 Rd8 26. Qxe7 Rxd1+
$19) 25... Qe6 (25... Re8 26. Qxe7 Rxe7 27. Nh4 Bc2 28. Rd2 Bb1 $14) (25...
Qxg5 26. Nxg5 Rd8 27. Re1 $14) 26. Nh4 Bc2 (26... Bd8 27. Nxg6+ hxg6 28. Qd2
Qxg4 29. Qd7 $16) 27. Nf5 Qf7 (27... g6 28. Bd5 $1 $18) (27... Bxf5 28. gxf5
Qf7 29. Bd5 Qf6 $14) 28. Rd2 Bb3 $2 (28... Bxf5 29. gxf5 Rd8 30. Rxd8+ Bxd8 31.
Qd2 $14) 29. Qxg7+ $1 Qxg7 30. Nxg7 Rg8 (30... Kxg7 31. Rd7+ Kg6 32. Rxc7 $18)
31. Nh5 (31. Nf5 Be6 32. Nd6 Rxg4 33. Nxb7 $16) 31... Be6 (31... Rxg4 32. Rd7
Rg5 33. Nf6 Rg7 34. Rxg7 Kxg7 35. Ne8+ $18) 32. Nf6 Rg6 33. Ne8 Bxg4 (33... Bb8
34. f3 $18) 34. f3 $1 (34. Nxc7 Bf3 35. Kf1 Bxg2+ $13) 34... Bxf3 35. Nxc7 Rg7
(35... h5 36. Kh2 $18) 36. Ne8 Rg8 37. Nd6 Nd4 38. Nf7+ Kg7 39. Nxe5 Ne2+ (
39... Bxg2 40. Rxg2+ $18) 40. Kh2 Bxg2 41. Rxe2 Bd5 42. Ng4+ (42. Ng4+ Kg6 (
42... Kf8 43. Nf6 $18) 43. Re7 $18) 1-0

[Event "RUS-ch U18"]
[Site "Moscow"]
[Date "1995.??.??"]
[Round "7"]
[White "Filippov, Valerij"]
[Black "Lugovoi, Aleksei"]
[Result "0-1"]
[WhiteElo "2455"]
[BlackElo "2485"]
[Annotator "Ftacnik,L"]
[PlyCount "58"]
[EventDate "1995.??.??"]
[EventType "tourn"]
[EventRounds "11"]
[EventCountry "RUS"]
[EventCategory "8"]
[SourceTitle "CBM 046"]
[Source "ChessBase"]
[SourceDate "1995.06.01"]
[SourceVersion "1"]
[SourceVersionDate "1995.06.01"]
[SourceQuality "1"]

1. Nf3 Nf6 2. c4 e6 3. g3 d5 4. Bg2 Be7 5. O-O O-O 6. d4 c6 7. Nc3 b6 8. Ne5
Ba6 9. e4 (9. Qa4 Qe8 10. cxd5 cxd5 11. Qxe8 Rxe8 12. Bg5 Nbd7 13. Nxd7 Nxd7
14. Bxe7 Rxe7 15. Rfc1 Nf6 16. e3 Rc7 17. Bf1 Bxf1 18. Kxf1 Rac8 19. f3 g5 20.
Ke2 g4 21. Rf1 gxf3+ 22. Kxf3 b5 23. Nxb5 Rc2 24. Nc3 {Kanikevich,
A-Gedevanishvili,D/Sydney Cepacol (02)/1991/0.5 (48)}) (9. cxd5 cxd5 10. Bf4 b5
11. Rc1 Qa5 12. a3 b4 13. axb4 Qxb4 14. Re1 Bb7 15. Nd3 Qb6 16. Na4 Qb5 17.
Nac5 Na6 18. b4 Rfc8 19. Ra1 Nc7 20. Ra5 Qb6 21. Nxb7 Qxb7 22. Qa4 a6 23. Bxc7
Rxc7 24. b5 $16 {Spiridonov,N-Sunye Neto,J/Moscow/1989/1-0 (50)}) 9... dxc4 10.
d5 Qc7 (10... cxd5 11. exd5 exd5 12. Nxd5 c3 13. Nxc3 Bxf1 14. Qxf1 Nbd7 15.
Nc6 Qe8 16. Nxe7+ Qxe7 17. Bxa8 Rxa8 18. Bf4 $14) 11. Nxc6 (11. f4 Rd8 $17)
11... Nxc6 12. dxc6 b5 (12... Qxc6 $2 13. e5) 13. e5 Rad8 (13... Qxe5 14. Bf4
Qf5 15. c7 Rac8 16. Bd6 $132) 14. Qe2 Nd5 15. Qg4 (15. Rd1 Qxc6 16. Nxd5 exd5
17. Be3 Rd7 $17) 15... Kh8 (15... Nxc3 16. bxc3 (16. Bh6 $2 Ne2+ 17. Kh1 (17.
Qxe2 gxh6 $19) 17... Qxe5) 16... Qxe5 17. Be3 Qxc3 $17) (15... Qxe5 16. Nxd5
exd5 17. Rd1 Qe6 18. Qxe6 fxe6 19. c7 Rd7 20. Bh3 Kf7 21. Re1 Rxc7 22. Bxe6+
Ke8 23. Bf4 $132) 16. Bg5 Qxe5 17. Nxd5 (17. Bxe7 Nxe7 18. Rad1 b4 $19) 17...
exd5 (17... Qxg5 $6 18. Qxg5 Bxg5 19. Nc7 Bc8 20. Nxb5) 18. Bf4 Qe6 19. Qxe6
fxe6 20. Rfe1 Bc8 21. Bh3 Bf6 $1 (21... Rf6 22. c7 Rdf8 $17) 22. Bxe6 Bxb2 23.
c7 Rde8 24. Bxc8 Rxc8 (24... Rxe1+ $2 25. Rxe1 Rxc8 26. Re7 Bf6 27. Rd7 c3 28.
Rxd5 a6 29. Rd6 $16) 25. Rab1 c3 26. Rbd1 (26. Kg2 Rf5 27. h3 g5 $19) 26... Rf5
27. Re7 g5 28. Bc1 (28. Be5+ Rxe5 29. Rxe5 c2 $19) 28... Bxc1 29. Rxc1 b4 (
29... b4 30. Rd7 $1 d4 31. Rd8+ Rf8 32. Rxd4 Rxc7 33. Rxb4 Rd8 $17) 0-1

[Event "Groningen"]
[Site "Groningen"]
[Date "1990.??.??"]
[Round "?"]
[White "Piket, Jeroen"]
[Black "Brenninkmeijer, Joris"]
[Result "1-0"]
[WhiteElo "2495"]
[BlackElo "2510"]
[Annotator "Ftacnik,L"]
[PlyCount "71"]
[EventDate "1990.12.??"]
[EventType "tourn"]
[EventRounds "9"]
[EventCountry "NED"]
[EventCategory "13"]
[SourceTitle "CBM 021"]
[Source "ChessBase"]
[SourceDate "1991.04.01"]
[SourceVersion "1"]
[SourceVersionDate "1991.04.01"]
[SourceQuality "1"]

1. d4 e6 2. Nf3 Nf6 3. g3 d5 4. Bg2 Be7 5. O-O O-O 6. c4 c6 7. Qc2 b6 8. Ne5
Bb7 9. Bf4 dxc4 (9... Nbd7 10. cxd5 Nxe5 11. d6 $1 Nf3+ 12. Bxf3 $14) 10. Qxc4
Ba6 11. Qc2 Qxd4 12. Rd1 Qc5 13. Nc3 Nd5 $6 (13... Bb7) 14. Nxd5 $1 cxd5 (14...
Qxc2 $4 15. Nxe7+ Kh8 16. Nxf7+ Rxf7 17. Rd8+) 15. Qd2 $1 Qb4 16. Qxb4 Bxb4 17.
e4 d4 (17... Bb7 18. exd5 exd5 19. Bxd5 Bxd5 20. Rxd5 Na6 21. a3 Be7 22. b4 Bf6
23. Rc1 $16) 18. Rxd4 Bc5 19. Rd2 f6 20. Nd3 Nd7 (20... Bxd3 21. e5 fxe5 22.
Bxa8 exf4 23. Rxd3 fxg3 24. hxg3 $16) 21. e5 Rac8 22. exf6 gxf6 23. Bh6 Rfe8 (
23... Rfd8 24. Nf4 $1) 24. Nxc5 Nxc5 25. Rad1 Kf7 (25... Bb5 26. Bf3 $1) 26. b4
Na4 27. Rd7+ Re7 28. Bf3 Rxd7 29. Rxd7+ Kg6 30. Rxa7 Bb5 31. Be3 Rc3 32. h4 h5
33. g4 $1 hxg4 34. Bxg4 f5 35. h5+ Kf6 36. Bd4+ {Ftacnik,L} 1-0

[Event "IBM-17 Grootmeestergroep A"]
[Site "Amsterdam"]
[Date "1977.06.??"]
[Round "14"]
[White "Miles, Anthony John"]
[Black "Tatai, Stefano"]
[Result "1-0"]
[WhiteElo "2555"]
[BlackElo "2480"]
[Annotator "Gagarin,V"]
[PlyCount "67"]
[EventDate "1977.06.28"]
[EventType "tourn"]
[EventRounds "15"]
[EventCountry "NED"]
[EventCategory "11"]
[SourceTitle "MCL"]
[Source "ChessBase"]
[SourceDate "1999.07.01"]
[SourceVersion "1"]
[SourceVersionDate "1999.07.01"]
[SourceQuality "1"]

1. Nf3 Nf6 2. c4 c5 3. g3 d5 4. cxd5 Nxd5 5. Bg2 Nc6 6. d4 e6 $6 (6... cxd4 $5
7. Nxd4 Ndb4 8. Nxc6 Qxd1+ 9. Kxd1 Nxc6 10. Bxc6+ bxc6 $10 {_|_ ><c6,a7 <=>^^/}
) 7. O-O Be7 8. dxc5 Bxc5 9. a3 (9. Qc2 Be7 10. Rd1 Bd7 (10... Qb6 11. a3 O-O
12. e4 Nf6 13. Be3 Qa5 14. Nc3 $16 {Ribli,Z-Pomar Salamanca,A/Las Palmas/1974/
1:0/45/}) 11. Nc3 (11. e4 Nb6 12. Nc3 O-O 13. Bf4 $16 {Polugaevsky,L-Bukic,E/
Belgrade/1969/0,5/41/}) 11... Nxc3 12. Qxc3 Bf6 (12... O-O 13. Bf4 $16) 13. Qd3
Qe7 14. Be3 Rd8 15. Rac1 $1 b6 (15... Bxb2 $6 16. Bc5 Qf6 17. Rb1 Bc8 18. Qb5
$1 Bc3 19. Ng5 $1 $18 {Jukic,M-Tringov,G/Bugojno/1987/1:0/24/}) 16. Qe4 $1 Rc8
17. Rc2 O-O 18. Ng5 $1 Bxg5 19. Bxg5 f6 20. Be3 $16 {Jukic/}) 9... a5 (9... O-O
10. b4 (10. Qc2 Be7 11. Rd1 $14) 10... Be7 11. Bb2 (11. Ra2 Bd7 12. e4 Nb6 $13)
11... Bf6 12. Qb3 $14) 10. Qc2 (10. e4 Nf6 11. Qc2 $14) 10... Be7 (10... Qb6
11. Nbd2 O-O 12. e4 Nde7 13. Nb3 Bd6 14. Be3 Qc7 15. Rac1 $14 {Gurevich,
D-Terrie,H/USA/1989/1:0/29/}) (10... Qe7 11. e4 Nf6 12. e5 Nd5 13. Bg5 f6 14.
exf6 gxf6 15. Bh6 $16 {Gavrikov,V-Orlowski,J/SUI(cht)/1994/1:0/18/}) (10... Ba7
11. e4 Nf6 12. Nc3 O-O 13. Bf4 $16 {Vadasz,L-Unzicker,F/Budapest/1994/0,5/40/})
11. e4 Nf6 12. Rd1 Nd7 $6 (12... Bd7 $5 13. Nc3 {/\ e5/} e5 $14) 13. Nc3 O-O
14. Be3 $16 Qc7 15. Nd5 $1 (15. Nb5 $5 Qb8 16. Rac1 $16) 15... exd5 (15... Qd8
16. Nxe7+ Qxe7 17. Rac1 $16) 16. exd5 Ndb8 17. Nd4 $1 Bd7 (17... Bg4 18. Rdc1
$16) 18. Rac1 (18. d6 $5 Qxd6 (18... Bxd6 19. Nb5 Qd8 20. Nxd6 $16) 19. Nxc6
Qxd1+ 20. Rxd1 Bxc6 $16) 18... Qe5 (18... Bf6 19. dxc6 Nxc6 20. Nb5 Qd8 (20...
Qc8 21. Nd6 $16) 21. Nd6 $16 (21. Bh3 Bxh3 22. Rxd8 Raxd8 $16)) (18... Rc8 19.
d6 $5 (19. dxc6 Nxc6 20. Nb5 Qd8 $16 21. Bh3 $140 $2 Nd4 $1) 19... Qxd6 (19...
Bxd6 20. Nb5 Qd8 21. Nxd6 $18) 20. Nxc6 Qxc6 (20... Rxc6 $2 21. Rxd6 $1 Rxc2
22. Rxc2 Bxd6 23. Bxb7 $18) 21. Bxc6 Bxc6 $16) 19. dxc6 Nxc6 20. Nxc6 Bxc6 21.
Bxc6 bxc6 (21... Rac8 $2 22. Qe4 $18) 22. Bd4 $1 $18 Qb5 (22... Qg5 23. Qxc6 a4
24. Re1 $18) 23. Re1 $1 Rfe8 24. Qxc6 Qxc6 25. Rxc6 a4 (25... Kf8 26. Rc7 Bd6
27. Rxe8+ Rxe8 28. Rd7 Re1+ 29. Kg2 $18) 26. Rc4 Kf8 27. Bc3 $1 Bf6 $6 (27...
g6 28. Kg2 $18 {/\ Ree4, /\ Rce4/}) 28. Rxe8+ Kxe8 29. Bxf6 gxf6 30. Rh4 $1 Rb8
(30... Ke7 31. Rxh7 f5 32. Rh4 Kf6 33. Rb4 $18) 31. Rxh7 Rxb2 32. Rh4 Kf8 33.
Rxa4 Ra2 34. Kg2 1-0

[Event "RUS-Cup4"]
[Site "Perm"]
[Date "1997.02.13"]
[Round "6"]
[White "Filippov, Valerij"]
[Black "Kozlov, Oleg"]
[Result "1-0"]
[WhiteElo "2510"]
[BlackElo "2380"]
[Annotator "Hecht,H"]
[PlyCount "117"]
[EventDate "1997.02.02"]
[EventType "swiss"]
[EventRounds "9"]
[EventCountry "RUS"]
[SourceTitle "CBM 058"]
[Source "ChessBase"]
[SourceDate "1997.06.01"]
[SourceVersion "1"]
[SourceVersionDate "1997.06.01"]
[SourceQuality "1"]

1. Nf3 d5 2. d4 Nf6 3. c4 e6 4. g3 Be7 5. Bg2 O-O 6. O-O c6 7. Nc3 b6 8. Ne5
Nfd7 9. cxd5 Nxe5 10. dxe5 cxd5 11. Nxd5 exd5 12. Qxd5 Qxd5 13. Bxd5 Bh3 14.
Bxa8 Bxf1 15. Kxf1 Nd7 16. Be4 Nxe5 17. Bf4 Nc4 18. b3 g5 19. Bxg5 Bxg5 20.
bxc4 Rc8 21. Bd5 Rc5 22. f4 Bf6 23. Rd1 Ra5 24. Rd2 Bc3 25. Rc2 Bb4 26. e4 Kf8
27. e5 Ke7 28. Kg2 Ra3 29. Kh3 Re3 30. Kg4 f6 31. e6 Bc5 32. Kf5 Bb4 33. Rg2
Rd3 34. h4 Rd4 35. g4 Bd2 36. Be4 Bc3 37. Bd5 Bd2 38. Rf2 b5 39. g5 fxg5 40.
hxg5 bxc4 41. Bxc4 Rxc4 42. Rxd2 {[%csl Ra7,Rh7] [#] weißer Raumvorteil bei
einem Mehrbauern, passivem schwarzen König und Bauernschwächen a7+h7} Rc5+ 43.
Kg4 Kxe6 44. Rh2 Rc7 45. f5+ Ke5 46. Re2+ Kd6 47. f6 Rc1 48. Rh2 {einfacher
ist:} (48. Rf2 Rc8 (48... Rg1+ 49. Kh3 $18) 49. g6 hxg6 50. Kg5) 48... Rg1+ 49.
Kh5 Ke6 50. Re2+ Kf7 51. Re7+ Kg8 52. Rg7+ Kh8 53. Rxa7 Kg8 54. a4 Rh1+ 55. Kg4
Rg1+ 56. Kf5 Rf1+ 57. Ke6 Re1+ 58. Kd6 Rg1 59. a5 (59. a5 Rxg5 60. a6 (60. Rg7+
Rxg7 61. fxg7 h5 62. a6 $18) 60... Ra5 61. Rg7+ Kf8 62. a7 h5 63. Rb7 $18) 1-0

[Event "POL-chT 53rd"]
[Site "Krynica"]
[Date "1997.09.30"]
[Round "6"]
[White "Markowski, Tomasz"]
[Black "Ivanov, Sergey"]
[Result "0-1"]
[WhiteElo "2510"]
[BlackElo "2515"]
[Annotator "Ivanov,Se"]
[PlyCount "100"]
[EventDate "1997.09.25"]
[EventType "team-tourn"]
[EventRounds "11"]
[EventCountry "POL"]
[SourceTitle "CBM 061 Extra"]
[Source "ChessBase"]
[SourceDate "1998.03.09"]
[SourceVersion "1"]
[SourceVersionDate "1998.03.09"]
[SourceQuality "1"]
[WhiteTeam "Glogow MOK Chrobry"]
[BlackTeam "Bielsko-Biala Wlokniarz"]
[WhiteTeamCountry "POL"]
[BlackTeamCountry "POL"]

1. c4 Nf6 2. g3 e6 3. Bg2 d5 4. Nf3 Be7 5. d4 O-O 6. Nc3 dxc4 7. Ne5 Nc6 (7...
Qd6) (7... c5) 8. Bxc6 bxc6 9. Nxc6 Qe8 10. Nxe7+ Qxe7 11. Qa4 c5 12. Qxc4 cxd4
13. Qxd4 e5 14. Qh4 Rb8 (14... Qe6) (14... Qb7) (14... Rd8) 15. O-O Rb4 16. e4
h6 (16... Qb7 17. f3 $6 (17. Re1 $5 Bg4 18. Nd5 $1 Nxd5 19. Qxg4 Nf6 20. Qf5
$14 {F.Levin}) 17... Qb6+ 18. Rf2 h6 19. g4 Rd8 20. g5 hxg5 21. Bxg5 Rxb2 22.
Bxf6 Rdd2 $1 23. Nd1 $2 (23. Na4) 23... Rxf2 24. Nxf2 Qxf6 25. Qxf6 gxf6 $15 {
1/2-1/2 Tukmakov - F.Levin, USSR, 1988}) (16... Bb7 17. f3 Rc8 (17... Qc5+ 18.
Kg2 Nd5 $6 (18... Rd8 19. Rf2 Rd3 20. Bg5 Rxc3 $1 21. bxc3 Nxe4 22. Be3 $8 Qd5
$8 23. Qe7 h5 24. Rd1 Qxd1 25. Qxb4 Nxf2 26. Qxb7 Nd3 27. Qc8+ Kh7 28. Qf5+ $11
{Shipov}) 19. Nxd5 Bxd5 20. Qg5 (20. g4 $1 {with the idea Qf2}) 20... Bb7 21.
b3 $2 (21. g4 $1) 21... f5 $1 $17 {Shipov - Klovans, Budapest, 1992}) 18. g4 a5
19. Qf2 h5 20. g5 Nh7 21. Be3 Rd8 $14 {1/2:1/2 Atalik-Liang, Beijing 1997}) 17.
Re1 (17. b3 $5 {with the idea Ba3}) (17. f3 $5 Rd8 18. g4 {with the idea Qf2})
17... Rd8 18. f3 Rd3 19. Kg2 Qe6 $5 (19... Qd6 20. g4 $1 Nh7 21. Qf2 h5 22. g5
Nf8 23. Be3 Ne6 24. Rad1 $14 {Kakhiani-Gershinska - Botsari-Miladinovic,
Subotica 1991}) 20. g4 (20. a3 Rb3 21. g4 a5 $44) 20... Nh7 21. Qf2 (21. Nd5
Ng5 $1 22. Bxg5 (22. Nxb4 $2 Nxf3 23. Qg3 Nxe1+ 24. Qxe1 Qxg4+ $19) (22. Rf1
Rxd5 $5 (22... Rb8 {with the idea Bb7}) 23. exd5 Qxd5 $36) 22... Rxb2+ 23. Kg3
hxg5 24. Qxg5 f6 25. Qh5 Rdd2 $40) 21... h5 $1 22. h3 (22. g5 $2 Qh3+ $17)
22... hxg4 23. hxg4 Qg6 $44 {[X Kg2]} 24. Nd5 $6 (24. Be3 $2 Bxg4 $1 25. fxg4
Qxg4+ 26. Kh1 (26. Qg3 Rxb2+ $19) (26. Kh2 Ng5 $40) (26. Kf1 Qh3+ 27. Ke2 Rxb2+
$19) 26... Qh3+ 27. Kg1 (27. Qh2 Rxe3 $17) 27... Rd6 $19) (24. Re3 $142 Rxe3 (
24... Rdd4 25. Nd5 Rb7 $44) 25. Bxe3 Bxg4 (25... f5) 26. fxg4 Qxg4+ 27. Kf1 $13
) (24. a3 $5) 24... Rxd5 $1 25. exd5 Bxg4 $1 $40 26. fxg4 $2 (26. Qg3 $8 Bxf3+
(26... Nf6 $44) 27. Kxf3 Qf5+ 28. Ke2 $13) 26... Rxg4+ 27. Kf1 (27. Kh1 Qh5+
28. Qh2 Rh4 $19) (27. Kf3 e4+ 28. Ke3 Rg3+ 29. Ke2 Rg2 $19) 27... Qh5 $1 (27...
Qd3+ 28. Re2 Qxd5 $5 (28... Qh3+ 29. Ke1 Qh1+ 30. Kd2 Qxd5+ (30... Rd4+ 31. Kc3
$1 Qxd5 32. b3) 31. Kc2 Rc4+ 32. Kb1 Qd3+ 33. Rc2 $16) 29. Ke1 Qh1+ 30. Kd2
Rd4+ 31. Kc2 Rc4+ (31... Qd1+ 32. Kb1 Rc4 33. Rc2) 32. Kd2 (32. Kb3 $2 Qd5 $19)
32... Rd4+ $11) 28. Be3 (28. Re3 Qh1+ 29. Ke2 Rg2 $19) (28. Qf3 Rg1+ $19) (28.
Qe3 Qh2 29. Re2 (29. Rd1 Rg2) 29... Qh1+ 30. Kf2 Rg2+ $19) (28. Rd1 Qh3+ 29.
Ke1 Rg2 $19) 28... Qh3+ 29. Ke2 Rg2 30. Rac1 (30. Rad1 e4 31. d6 Qf3+ 32. Kf1
Rxf2+ 33. Bxf2 e3 $19) 30... Rxf2+ (30... Nf6 $5 31. d6 $140 Ng4 $19) 31. Bxf2
(31. Kxf2 Nf6 $19) 31... Ng5 (31... Nf6 $142) 32. Red1 Qf3+ 33. Ke1 Ne4 (33...
e4 34. Rc3 $13) 34. Rc2 (34. Bxa7 Ng3 35. Rc2 Qe4+ 36. Kd2 Qxd5+ $19) 34...
Qh1+ 35. Ke2 Qg2 36. Ke1 Ng3 (36... Nxf2 $142 37. Rxf2 Qg1+ 38. Ke2 Qg4+ 39.
Ke1 e4) 37. Rc8+ (37. d6 $5 Qf1+ 38. Kd2 Qxf2+ 39. Kc1 Qf4+ 40. Kb1 (40. Rcd2
Ne2+ 41. Kb1 Nd4 $19) 40... Qg4 41. Kc1 Qd7 $17) (37. Bxg3 $5 Qxc2 (37... Qxg3+
) 38. d6 Qe4+ 39. Kf2 Qf5+ 40. Ke1 (40. Ke3 Qg4 $19) 40... Qd7 $17) 37... Kh7
38. Bxg3 Qxg3+ 39. Kd2 e4 (39... Qg5+ 40. Kc3 $8 Qe3+ 41. Kc2 $13) 40. Kc1 e3
41. Rc2 Qf4 $1 (41... Qf3 $2 42. d6 e2 43. Re1 Qf4+ 44. Rd2 $18) 42. Kb1 (42.
Re2 Qc4+ 43. Rc2 Qxa2 44. Re2 Qc4+ 45. Rc2 Qa6 $1 {with the ideas Qa1X, e2})
42... Qf3 43. Kc1 e2 44. Re1 Qxd5 45. Rexe2 g5 $19 (45... Qxa2 $6 46. Rh2+ Kg6
47. Rhg2+ $1 $13) 46. b4 g4 47. Rc5 Qd4 48. a3 Qa1+ 49. Kd2 Qb2+ 50. Ke1 Qxa3
0-1